Guess The Brand! #14 - Statistics

General Stats
  • This quiz has been taken 82 times
    32 since last reset
  • The average score is 35 of 74
Answer Stats
Picture Answer % Correct
Snickers
86%
Nick Jr
79%
Oreo
75%
Camper
68%
Citroen
68%
Red Bull
68%
Crunch
64%
Duolingo
64%
Friends
64%
Morgan
64%
Pikachu
64%
MAN
61%
The Big Bang Theory
61%
Aquafina
57%
Fritos
57%
Gamestop
57%
MG
57%
Mini
57%
Peace
57%
Rolls Royce
57%
Activision
54%
Bridgestone
54%
Dropbox
54%
Formula One
54%
North Face
54%
Patagonia
54%
Tag Heuer
54%
Tesco
54%
Dior
50%
Hummer
50%
ING
50%
Swarovski
50%
The Godfather
50%
Bvlgari
46%
Fantastic Four
46%
Foster's
46%
Geico
46%
Gerber
46%
Iveco
46%
Tissot
46%
V
46%
X-Men
46%
Bugatti
43%
Buick
43%
Dasani
43%
Dickies
43%
Godiva
43%
Guess
43%
Lucasarts
43%
US Bank
43%
Cacharel
39%
Ellesse
39%
Mont Blanc
39%
Petronas
39%
Shein
39%
USPS
39%
Doubletree
36%
Rexona
36%
TDK
36%
Tory Burch
36%
Anic
32%
Anon
32%
Birdhouse
32%
Coach
32%
Gordons
32%
Lucky Strike
32%
Micheal Kors
32%
Petrochina
32%
Reef
32%
Rover
32%
US Airways
32%
Winston
32%
Ghiradelli
29%
Munich
25%
No matching quizzes found
Score Distribution
Percent of People with Each Score
Percentile by Number Answered
Your Score History
You have not taken this quiz since the last reset